Proceso de licitación y ejecución de proyectos
Presenta una planificación organizada y secuenciada del desarrollo de las prácticas profesionales, insertando al egresado al contacto directo con empresas de servicio, privadas o públicas y relacionándose con diferentes profesionales de su ramo.
| Main Author: | |
|---|---|
| Other Authors: | |
| Format: | Tesis Section = Libro |
| Language: | Undetermined Spanish |
| Published: |
Managua
UNI
2016
|
| Subjects: |
| LEADER | 00979nam a2200241Ia 4500 | ||
|---|---|---|---|
| 008 | 240830s9999 xx 000 0 und d | ||
| 040 | |a BIBLIOTECA-RUPAP Mon 351.711 M385 | ||
| 041 | |a spa | ||
| 082 | |a Mon 351.711 M385 | ||
| 100 | 1 | |a Martínez Martínez, Junnior Ernesto | |
| 245 | 1 | 0 | |a Proceso de licitación y ejecución de proyectos |
| 260 | |a Managua |b UNI |c 2016 | ||
| 300 | |a 100 p. :il. | ||
| 500 | |a Contiene: anexos. | ||
| 502 | |a Tesis (Ingeniero Civil)- UNI, 2016. | ||
| 520 | 3 | |a Presenta una planificación organizada y secuenciada del desarrollo de las prácticas profesionales, insertando al egresado al contacto directo con empresas de servicio, privadas o públicas y relacionándose con diferentes profesionales de su ramo. | |
| 650 | 7 | |a LICITACIÓN PÚBLICA | |
| 650 | 7 | |b CONTRATACIÓN ADMINISTRATIVA | |
| 650 | 7 | |c PRÁCTICAS PROFESIONALES | |
| 700 | 1 | |a Tutor: |b Gutiérrez Mendoza,Carlos Antonio | |
| 942 | |c BK |2 ddc | ||
| 991 | |a TESIS | ||
| 999 | |c 15423 | ||